Violin playing

Đã lưu trong:
Chi tiết về thư mục
Tác giả chính: Dunn, John (Tác giả)
Định dạng: Sách
Ngôn ngữ:Tiếng Anh
Được phát hành: Londres Charles Scribner's sons 1909
Phiên bản:1a. ed
Loạt:Strad, 6
Những chủ đề:
Các nhãn: Thêm thẻ
Không có thẻ, Là người đầu tiên thẻ bản ghi này!

MARC

LEADER 00000nam a2200000 a 4500
001 UCJ7278
003 CL-VaPUC
008 070124e19090000UK |||||||||||||||||eng|d
082 0 4 |a 780  |b DUN  |2 21 
100 0 |a Dunn, John  |e author  |9 515555 
245 1 0 |a Violin playing 
250 |a 1a. ed 
300 |a 68 p 
942 |c BK 
945 |d 20070124 00:00:00  |a rinostro 
260 |a Londres  |b Charles Scribner's sons  |c 1909 
500 |a Fotografía del autor 
650 0 |a Instrumentos musicales  |9 306600 
650 0 |a Violín  |9 390065 
650 7 |a DIDACTICA MUSICAL  |2 CL-VaPUC  |9 515556 
650 0 |a Iconografía   |9 267998 
583 |a last modification  |c 20070124 00:00:00  |k Rodrigo Vera 
490 0 |a Strad, 6 
999 |c 323374  |d 323372 
952 |0 0  |1 0  |4 0  |6 780_000000000000000_DUN_1909  |7 0  |8 X  |9 402930  |a FDOBUD  |b FDOBUD  |d 2019-11-22  |i 1060945  |o 780 DUN 1909  |p 1060945  |r 2019-11-22  |w 2019-11-22  |y BK_X  |k BUD